Manchester United Champions League Winner Starting XI - Statistics

General Stats
  • This quiz has been taken 1,798 times
  • The average score is 18 of 33
Answer Stats
Player % Correct
Cristiano Ronaldo
99%
Edwin van der Sar
97%
Nemanja Vidić
96%
Rio Ferdinand
94%
Wayne Rooney
94%
Carlos Tevez
92%
Paul Scholes
92%
Patrice Evra
90%
Peter Schmeichel
90%
Gary Neville
80%
Michael Carrick
79%
Ryan Giggs
75%
David Beckham
73%
Dwight Yorke
73%
Andy Cole
72%
Bobby Charlton
69%
Jaap Stam
69%
George Best
67%
Wes Brown
57%
Denis Irwin
53%
Owen Hargreaves
45%
Nicky Butt
40%
Ronny Johnsen
30%
Jesper Blomqvist
29%
Nobby Stiles
12%
Alex Stepney
10%
Brian Kidd
8%
Bill Foulkes
7%
Pat Crerand
6%
Tony Dunne
6%
John Aston
5%
Shay Brennan
5%
David Sadler
4%
No matching quizzes found
Score Distribution
Percent of People with Each Score
Percentile by Number Answered
Your Score History
You have not taken this quiz